000 02257pam a2200409 i 4500
001 768714001
003 CO-MdFUSB
005 20240531062753.0
007 ta
008 000228t20002000miu b 001 0 eng
020 _a0802847390
040 _aDLC
_bspa
_cCO-MdFUSB
_dOrLoB-B
_erda
041 _aeng
082 _223
_a231.044
_bG851
100 _aGriffin, David Ray,
_eautor
245 0 0 _aSearching for an adequate God
_b: a dialogue between process and free will theists
_c/ David Ray Griffin , Nancy R. Howell , David L. Wheeler , Richard Rice , William Hasker ; editado por John B. Cobb, Jr. , Clark H. Pinnock
264 1 _aGrand Rapids, Michigan :
_bW.B. Eerdmans Pub.,
_c[2000]
264 4 _c©2000
300 _axiv, 269 pages ;
_c23 cm
336 _2rdacontent.
_btxt
_atexto
337 _2rdamedia.
_asin mediación
_bn
338 _bnc
_2rdacarrier.
_avolumen
504 _aIncludes bibliographical references and index.
505 _aLa teología del proceso y las buenas noticias cristianas: una respuesta al teísmo clásico del libre albedrío / David Ray Griffin -- Una respuesta a David Ray Griffin / William Hasker -- Apertura y teísmo del proceso: respetando la integridad de los dos puntos de vista / Nancy R. Howell -- En respuesta a Nancy Howell / David L. Wheeler -- En respuesta a Nancy Howell / Richard Rice -- Comunidades confesionales y cosmovisiones públicas: un estudio de caso / David L. Wheeler -- En respuesta a David L. Wheeler / Nancy R. Howell -- En respuesta a David L. Wheeler / Richard Rice -- El teísmo del proceso y la visión abierta de Dios: la diferencia crucial / Richard Rice -- En respuesta a Richard Rice / Nancy R. Howell -- En respuesta a Richard Rice / David L. Wheeler -- Un Dios adecuado / William Hasker -- Una respuesta a William Hasker / David Ray Griffin
563 _aRústico
650 7 _aCristianismo
_2
_922
650 7 _aDios
_9178
700 _aHowell, Nancy R.,
_97848
_eautor
700 _aWheeler, David L.,
_97849
_eautor
700 _aRice, Richard,
_97850
_eautor
700 _aHasker, William,
_97851
_eautor
700 1 _aCobb, John B.
_eeditor
700 1 _aPinnock, Clark H.,
_d1937-
_eeditor
942 _cBK
945 _aJTF-925
999 _c68427
_d68427